<?xml version="1.0" encoding="UTF-8"?><record xmlns="http://www.loc.gov/MARC21/slim" xmlns:zs="http://docs.oasis-open.org/ns/search-ws/sruResponse">
  <leader>01235cz  a2200337n  4500</leader>
  <controlfield tag="001">n  80051712 </controlfield>
  <controlfield tag="003">DLC</controlfield>
  <controlfield tag="005">20180926053712.0</controlfield>
  <controlfield tag="008">800528n| azannaabn          |b aaa      </controlfield>
  <datafield ind1=" " ind2=" " tag="010">
    <subfield code="a">n  80051712 </subfield>
  </datafield>
  <datafield ind1=" " ind2=" " tag="035">
    <subfield code="a">(OCoLC)oca00433558</subfield>
  </datafield>
  <datafield ind1=" " ind2=" " tag="040">
    <subfield code="a">DLC</subfield>
    <subfield code="b">eng</subfield>
    <subfield code="e">rda</subfield>
    <subfield code="c">DLC</subfield>
    <subfield code="d">NjP</subfield>
    <subfield code="d">TNJ</subfield>
    <subfield code="d">DLC</subfield>
    <subfield code="d">UPB</subfield>
    <subfield code="d">IEN</subfield>
    <subfield code="d">InU</subfield>
    <subfield code="d">IEN</subfield>
    <subfield code="d">DLC</subfield>
  </datafield>
  <datafield ind1=" " ind2=" " tag="046">
    <subfield code="f">01?</subfield>
  </datafield>
  <datafield ind1="0" ind2=" " tag="100">
    <subfield code="a">Xenophon,</subfield>
    <subfield code="c">of Ephesus</subfield>
  </datafield>
  <datafield ind1=" " ind2=" " tag="374">
    <subfield code="a">Novelists</subfield>
    <subfield code="2">lcsh</subfield>
  </datafield>
  <datafield ind1=" " ind2=" " tag="375">
    <subfield code="a">male</subfield>
  </datafield>
  <datafield ind1=" " ind2=" " tag="377">
    <subfield code="a">grc</subfield>
  </datafield>
  <datafield ind1="0" ind2=" " tag="400">
    <subfield code="a">Ksenofont Ėfesskiĭ</subfield>
  </datafield>
  <datafield ind1="0" ind2=" " tag="400">
    <subfield code="a">Senofonte Efesio</subfield>
  </datafield>
  <datafield ind1="0" ind2=" " tag="400">
    <subfield code="a">Xenophon Ephesius</subfield>
  </datafield>
  <datafield ind1="0" ind2=" " tag="400">
    <subfield code="a">Ξενοφῶν,</subfield>
    <subfield code="c">ὁ Ἐφεσιακός</subfield>
  </datafield>
  <datafield ind1="0" ind2=" " tag="400">
    <subfield code="a">Xenophōn,</subfield>
    <subfield code="c">ho Ephesiakos</subfield>
  </datafield>
  <datafield ind1="0" ind2=" " tag="400">
    <subfield code="a">Xenofon,</subfield>
    <subfield code="c">din Efes</subfield>
  </datafield>
  <datafield ind1="0" ind2=" " tag="400">
    <subfield code="a">Jenofonte</subfield>
    <subfield code="c">de Éfeso</subfield>
  </datafield>
  <datafield ind1=" " ind2=" " tag="667">
    <subfield code="a">Non-Latin script reference not evaluated.</subfield>
  </datafield>
  <datafield ind1=" " ind2=" " tag="670">
    <subfield code="a">His Gli efesiaci, 1800.</subfield>
  </datafield>
  <datafield ind1=" " ind2=" " tag="670">
    <subfield code="a">Storie d'amore antiche, 1987:</subfield>
    <subfield code="b">p. 409 (Senofonte Efesio)</subfield>
  </datafield>
  <datafield ind1=" " ind2=" " tag="670">
    <subfield code="a">Ephesiacorum libri V, 1973:</subfield>
    <subfield code="b">cover (Xenophon Ephesius)</subfield>
  </datafield>
  <datafield ind1=" " ind2=" " tag="670">
    <subfield code="a">Brill's new Pauly online, 13 September 2013</subfield>
    <subfield code="b">(Xenophon of Ephesus; Ξενοφῶν ὁ Ἐφεσιακός; Novelist; probably 2nd century AD)</subfield>
  </datafield>
  <datafield ind1=" " ind2=" " tag="670">
    <subfield code="a">Romanul grec, 1980:</subfield>
    <subfield code="b">t.p. (Xenofon din Efes)</subfield>
  </datafield>
  <datafield ind1=" " ind2=" " tag="670">
    <subfield code="a">Efesíacas, 2017:</subfield>
    <subfield code="b">t.p. (Jenofonte de Éfeso)</subfield>
  </datafield>
</record>
